LEADER 01289nam--2200397---450- 001 990001073430203316 005 20090723124038.0 010 $a88-8233-209-8 035 $a000107343 035 $aUSA01000107343 035 $a(ALEPH)000107343USA01 035 $a000107343 100 $a20020426d2001----km-y0itay0103----ba 101 $aita 102 $aIT 105 $ay|||z|||001yy 200 1 $a<> liquidazione delle società$easpetti legali, fiscali, contabili e formulario$esocietà di persone, società di capitali, società cooperative$fMario Frascarelli 205 $a3. ed. 210 $aMilano$cEdizioni FAG$dcopyr.2001 215 $a143 p.$d24 cm 225 2 $aSocietà 410 0$12001$aSocietà 606 $aSocietà commerciali$xLiquidazione$yItalia 676 $a346.450662 700 1$aFRASCARELLI,$bMario$0381080 801 0$aIT$bsalbc$gISBD 912 $a990001073430203316 951 $aXXV.3.E 238 (IG II 848)$b32756 G.$cXXV.3.E 238 (IG II)$d00081072 959 $aBK 969 $aGIU 979 $aPAOLA$b90$c20020426$lUSA01$h1350 979 $aPAOLA$b90$c20020426$lUSA01$h1351 979 $aPATRY$b90$c20040406$lUSA01$h1714 979 $aRSIAV4$b90$c20090723$lUSA01$h1240 996 $aLiquidazione delle società$9979410 997 $aUNISA